| 000 | 00442cam a2200193 4500 | ||
|---|---|---|---|
| 001 | D8310 | ||
| 008 | 090401t1968 xxu||||| |||| 00| 0 eng d | ||
| 035 | _a(Sirsi) u12260 | ||
| 041 | _aeng | ||
| 050 | _a333.007 | ||
| 100 | _aRogge, H.L. | ||
| 245 | _aTechnical information for surveyors | ||
| 260 |
_aLondon _bFIG/RICS _c1968 |
||
| 300 | _a12p. 30cm | ||
| 350 | _a0.25 | ||
| 700 | _aRoberts, M.J. | ||
| 942 | _n0 | ||
| 948 | _c04/03/1997 | ||
| 999 |
_c86962 _d86962 |
||